| 000 | 00781nam a22002417a 4500 | ||
|---|---|---|---|
| 003 | BPGM | ||
| 005 | 20260703195052.0 | ||
| 008 | 260703e2002 mx bd||gr||||s001 0 spa d | ||
| 020 | _a0188-8455 | ||
| 040 |
_aBPGM _bspa |
||
| 041 |
_aspa _hspa |
||
| 082 | 0 | 4 |
_a300 / _b090 |
| 110 | _aINSTITUTO NACIONAL DE ESTADÍSTICA, GEOGRAFÍA E INFORMÁTICA. | ||
| 245 | _aANUARIO ESTADÍSTICO DE QUERETARO DE ARREAGA | ||
| 250 | _aEDICIÓN 2002. | ||
| 260 |
_aQUERÉTARO, MÉXICO; _bINSTITUTO NACIONAL DE ESTADÍSTICA, GEOGRAFÍA E INFORMÁTICA, _c2002. |
||
| 300 |
_a462 páginas ; _c27.5 cm. x 21.4 cm. |
||
| 336 |
_2rdacontent _atexto _btxt |
||
| 337 |
_2rdamedia _asin mediación _bn |
||
| 338 |
_2rdacarrier _avolumen _bnc |
||
| 650 | _aCIENCIAS SOCIALES. | ||
| 942 |
_2ddc _cCOLQ |
||
| 999 |
_c68747 _d68747 |
||